| 000 | 01729cam a22003614i 4500 | ||
|---|---|---|---|
| 003 | PE-LiUPU | ||
| 005 | 20250731183420.0 | ||
| 008 | 150625s r 000 0 d | ||
| 035 | _a(Sirsi) a37638 | ||
| 040 |
_aPE-LiUPU _bspa _cPE-LiUPU _erda |
||
| 082 | 0 | 4 |
_a785.02 _bJ54 _221 |
| 100 | 1 |
_aJiménez Salcedo, Juan Carlos, _eautor. |
|
| 245 | 1 | 0 |
_aMúsica de cámara cristiana y composiciones para piano / _carregalada y compuesta por, Juan Carlos Jiménez Salcedo. |
| 264 | 1 |
_aJuliaca : _bUniversidad Peruana Unión, _c2006. |
|
| 300 |
_a1 v. en varias paginaciones : _bmúsica ; _c29 cm. |
||
| 336 |
_atext _2rdacontent |
||
| 337 |
_aunmediated _2rdamedia |
||
| 338 |
_avolume _2rdacarrier |
||
| 500 | _aPartituras. | ||
| 505 | 0 | _aAs the deer. -Cristo es mi amante Salvador. -Make me a servant. -Nearer, still nearer. -Turn yuor eyes upon Jesus. -God of our Fathers. -¿Quién me puede dar persón?. -Fija tus ojos en Cristo. -Grata certeza. -A Dios el Padre. -What a friend we have in Jesus. -Gymnopedia Nº 1. -Gymnopedia Nº 2. -gymnopedia Nº 3. -Vals Nº 1 en Si bemol menor . "El adiós". -Vals Nº 2 "Luz de luna". | |
| 526 | _aP158 | ||
| 526 | _aP146 | ||
| 526 | _aP17 | ||
| 526 | _aP12 | ||
| 526 | _aP06 | ||
| 650 | 0 | 4 | _aMúsica cristiana. |
| 910 |
_bjv _cjv _d20061024 |
||
| 942 |
_2ddc _cBOOK |
||
| 949 |
_a785.02 J54 _wDEWEY _c1 _i56679 _lCCODEBUL1 _mBUL _p12.00 _r0 _sY _tBOOK _u2015-06-25 _xTEOLOGIA _zUNKNOWN _0COMPRA _o.STAFF. Colección General |
||
| 596 | _a1 | ||
| 999 |
_a785.02 J54 _wDEWEY _c45833 _i56679 _f2021-11-8 _g5 _lCCODEBUL1 _mBUL _p12.00 _r0 _sY _tBOOK _u2015-6-25 _xEDUCACION _zUNKNOWN _0COMPRA _o.STAFF. Colección General _d45833 |
||
| 980 |
_81 _gALBERTO SANCHEZ Responsable de Automatización |
||